[Event "Burlington Staunton Int"]
[Site "London, Chiswick House"]
[Date "1994.??.??"]
[Round "?"]
[White "Rayner, Francis"]
[Black "Dunworth, Christopher N"]
[Result "0-1"]
[WhiteElo "2285"]
[BlackElo "2245"]
[PlyCount "88"]
[EventDate "1994.10.??"]
[EventType "tourn"]
[EventRounds "15"]
[EventCountry "ENG"]
[SourceTitle "BritBase"]
[Source "John Saunders"]
[SourceDate "2023.06.01"]
[SourceVersion "1"]
[SourceVersionDate "2023.06.01"]
[SourceQuality "1"]

1. c4 g6 2. Nf3 Bg7 3. d4 f5 4. g3 Nf6 5. Bg2 O-O 6. O-O d6 7. b3 a5 8. Bb2 c6
9. Nc3 Qe8 10. d5 Na6 11. Nd4 Bd7 12. e3 Nc7 13. Qd2 c5 14. Ne6 Nxe6 15. dxe6
Bc6 16. Nd5 Bxd5 17. Bxd5 Nxd5 18. cxd5 Bxb2 19. Qxb2 Qb5 20. Qc3 Qb4 21. Qd3
Qe4 22. Qc4 b5 23. Qxe4 fxe4 24. a4 b4 25. Rac1 Rf5 26. Rfd1 Raf8 27. Rd2 h5
28. h3 Kg7 29. Kg2 Kf6 30. Rc4 Ke5 31. Rc1 g5 32. g4 Rf3 33. Rh1 Rh8 34. Rh2
hxg4 35. hxg4 Rxh2+ 36. Kxh2 Rf8 37. Kg3 Rc8 38. f4+ exf3 39. Kxf3 c4 40. bxc4
Rxc4 41. Rd3 Rc5 42. e4 Rc3 43. Ke3 Rxd3+ 44. Kxd3 b3 0-1

[Event "Burlington Staunton Int"]
[Site "London, Chiswick House"]
[Date "1994.??.??"]
[Round "?"]
[White "Rayner, Francis"]
[Black "McDonald, Neil R"]
[Result "0-1"]
[WhiteElo "2285"]
[BlackElo "2390"]
[PlyCount "88"]
[EventDate "1994.10.??"]
[EventType "tourn"]
[EventRounds "15"]
[EventCountry "ENG"]
[SourceTitle "BritBase"]
[Source "John Saunders"]
[SourceDate "2023.06.01"]
[SourceVersion "1"]
[SourceVersionDate "2023.06.01"]
[SourceQuality "1"]

1. d4 d5 2. Nf3 Nf6 3. c4 e6 4. Nc3 Be7 5. Bg5 h6 6. Bh4 O-O 7. e3 Ne4 8. Bxe7
Qxe7 9. Qc2 Nxc3 10. Qxc3 dxc4 11. Bxc4 b6 12. O-O Bb7 13. Be2 c5 14. Rfd1 Nd7
15. Rac1 a5 16. h3 Rac8 17. Qa3 e5 18. dxc5 Nxc5 19. b3 Rfe8 20. Qb2 Rc6 21. b4
axb4 22. Qxb4 Rf6 23. Rd2 Bxf3 24. Bxf3 e4 25. Bg4 Qe5 26. Qd4 Qg5 27. Be2 Rg6
28. Bf1 Kh7 29. Qd5 Qf6 30. Rcd1 Re5 31. Qd8 Qf5 32. Rd6 Nb7 33. Qxb6 Nxd6 34.
Rxd6 Rxd6 35. Qxd6 Rd5 36. Qb4 Rd1 37. a4 g6 38. Qb5 Ra1 39. Qc4 Kg8 40. Qb5
Kh7 41. Qc4 Qd7 42. a5 Kg8 43. Kh2 Qd6+ 44. g3 Qd2 0-1

[Event "Burlington Staunton Int"]
[Site "London, Chiswick House"]
[Date "1994.??.??"]
[Round "?"]
[White "Rayner, Francis"]
[Black "Holland, Christopher KD"]
[Result "1/2-1/2"]
[WhiteElo "2285"]
[BlackElo "2220"]
[PlyCount "29"]
[EventDate "1994.10.??"]
[EventType "tourn"]
[EventRounds "15"]
[EventCountry "ENG"]
[SourceTitle "BritBase"]
[Source "John Saunders"]
[SourceDate "2023.06.01"]
[SourceVersion "1"]
[SourceVersionDate "2023.06.01"]
[SourceQuality "1"]

1. c4 e6 2. Nf3 d5 3. d4 c5 4. cxd5 exd5 5. g3 Nf6 6. Bg2 Be7 7. O-O O-O 8. Nc3
Nc6 9. dxc5 d4 10. Na4 Bf5 11. Bf4 Be4 12. Rc1 Qd5 13. Qb3 Qxb3 14. axb3 Nd5
15. Bd6 1/2-1/2

[Event "Burlington Staunton Int"]
[Site "London, Chiswick House"]
[Date "1994.??.??"]
[Round "?"]
[White "Whiteley, Andrew Jonathan"]
[Black "Carton, Niall"]
[Result "1-0"]
[WhiteElo "2305"]
[BlackElo "2265"]
[PlyCount "69"]
[EventDate "1994.10.??"]
[EventType "tourn"]
[EventRounds "15"]
[EventCountry "ENG"]
[SourceTitle "BritBase"]
[Source "John Saunders"]
[SourceDate "2023.06.01"]
[SourceVersion "1"]
[SourceVersionDate "2023.06.01"]
[SourceQuality "1"]

1. d4 e6 2. c4 Nf6 3. Nc3 Bb4 4. Qc2 c5 5. dxc5 Na6 6. a3 Bxc3+ 7. Qxc3 Nxc5 8.
f3 d5 9. cxd5 b6 10. b4 Na4 11. Qb3 b5 12. e4 a6 13. Be3 exd5 14. e5 O-O 15.
exf6 Re8 16. Ne2 d4 17. Rd1 Be6 18. Qb1 Ba2 19. Qxa2 Rxe3 20. Qd2 Rxa3 21. Qxd4
Qxf6 22. Qxf6 gxf6 23. Kf2 Nb2 24. Rd4 Ra1 25. g4 Re8 26. Bg2 Ra2 27. Re1 Nc4
28. Re4 Rd8 29. f4 Rb2 30. Ra1 Rd6 31. Re8+ Kg7 32. Bb7 Rxb4 33. Ng3 Rd2+ 34.
Ke1 f5 35. Nxf5+ 1-0

[Event "Burlington Staunton Int"]
[Site "London, Chiswick House"]
[Date "1994.??.??"]
[Round "?"]
[White "Whiteley, Andrew Jonathan"]
[Black "Holland, Christopher KD"]
[Result "1-0"]
[WhiteElo "2305"]
[BlackElo "2220"]
[PlyCount "75"]
[EventDate "1994.10.??"]
[EventType "tourn"]
[EventRounds "15"]
[EventCountry "ENG"]
[SourceTitle "BritBase"]
[Source "John Saunders"]
[SourceDate "2023.06.01"]
[SourceVersion "1"]
[SourceVersionDate "2023.06.01"]
[SourceQuality "1"]

1. d4 Nf6 2. c4 e6 3. Nc3 Bb4 4. Qc2 c5 5. dxc5 Qc7 6. Nf3 a6 7. a3 Bxc5 8. Bg5
Be7 9. e3 d6 10. Be2 b6 11. O-O Bb7 12. Rfd1 Nbd7 13. Rd2 Nc5 14. Bf4 O-O 15.
h3 Rfd8 16. Bh2 Rac8 17. Rc1 Qb8 18. Rdd1 Nfe4 19. b4 Nxc3 20. Qxc3 Bf6 21. Nd4
Nd7 22. Qb3 Ne5 23. Qb1 Qa8 24. f3 Qa7 25. Bg3 b5 26. cxb5 axb5 27. Rxc8 Rxc8
28. Bf2 Bd5 29. Nxb5 Qa4 30. Nxd6 Rb8 31. f4 Ng6 32. Qc1 Qa8 33. Bf1 Be7 34.
Nb5 Rc8 35. Qd2 Nh4 36. Nc3 Bxg2 37. Bxh4 Bxf1 38. Bxe7 1-0

[Event "Burlington Staunton Int"]
[Site "London, Chiswick House"]
[Date "1994.??.??"]
[Round "?"]
[White "Whiteley, Andrew Jonathan"]
[Black "Olesen, Martin"]
[Result "1/2-1/2"]
[WhiteElo "2305"]
[BlackElo "2320"]
[PlyCount "124"]
[EventDate "1994.10.??"]
[EventType "tourn"]
[EventRounds "15"]
[EventCountry "ENG"]
[SourceTitle "StarBase 4.56"]
[SourceDate "2004.11.04"]
[SourceVersion "1"]
[SourceVersionDate "2004.11.04"]
[SourceQuality "2"]

1. d4 Nf6 2. c4 g6 3. Nf3 Bg7 4. g3 O-O 5. Bg2 d6 6. O-O Nbd7 7. Nc3 e5 8. e4
exd4 9. Nxd4 Re8 10. h3 a6 11. Re1 Rb8 12. a4 Nc5 13. a5 Nfd7 14. Be3 Ne5 15.
b3 Nc6 16. Ra3 f5 17. Qd2 Qf6 18. Nd5 Qf7 19. Nxc6 bxc6 20. exf5 Bxf5 21. Nb4
Ne4 22. Bxe4 Bxe4 23. f4 c5 24. Na2 Qf6 25. Nc1 Re7 26. Qf2 Rbe8 27. Ra2 Bb7
28. Rae2 Qf5 29. Kh2 h5 30. Bd2 Bd4 31. Qf1 Re4 32. Rxe4 Rxe4 33. Re2 Kf7 34.
Qe1 Rxe2+ 35. Qxe2 Qe4 36. Qxe4 Bxe4 37. Ne2 Bf6 38. Nc1 Bb2 39. g4 hxg4 40.
hxg4 Bc2 41. Kg3 c6 42. Kf3 Bd1+ 43. Kg3 Bc2 44. Kf3 d5 45. cxd5 cxd5 46. Ke2
Ke6 47. Nd3 Ba3 48. Nc1 Bxc1 49. Bxc1 Bxb3 50. f5+ gxf5 51. gxf5+ Kd6 52. Kd3
Ba2 53. f6 Bb1+ 54. Kc3 Bg6 55. Be3 Kc6 56. Bf2 Kb5 57. Be3 d4+ 58. Bxd4 cxd4+
59. Kxd4 Kb4 60. Ke3 Kc3 61. Ke2 Bh5+ 62. Ke3 Bf7 1/2-1/2

[Event "Burlington Staunton Int"]
[Site "London, Chiswick House"]
[Date "1994.??.??"]
[Round "?"]
[White "Whiteley, Andrew Jonathan"]
[Black "Rayner, Francis"]
[Result "1-0"]
[WhiteElo "2305"]
[BlackElo "2285"]
[PlyCount "81"]
[EventDate "1994.10.??"]
[EventType "tourn"]
[EventRounds "15"]
[EventCountry "ENG"]
[SourceTitle "BritBase"]
[Source "John Saunders"]
[SourceDate "2023.06.01"]
[SourceVersion "1"]
[SourceVersionDate "2023.06.01"]
[SourceQuality "1"]

1. d4 Nf6 2. c4 c5 3. d5 g6 4. Nf3 Bg7 5. g3 d6 6. Bg2 O-O 7. O-O e5 8. dxe6
fxe6 9. Nc3 Nc6 10. Ng5 Qe7 11. Nge4 Ne8 12. Bg5 Qd7 13. Qd2 Ne5 14. b3 a5 15.
Rad1 Ra6 16. Bh6 Qe7 17. Bxg7 Kxg7 18. Nb5 Nf7 19. Bh3 Kg8 20. a4 Rc6 21. Na7
Rc7 22. Nxc8 Rxc8 23. Qxa5 Nf6 24. Nxf6+ Qxf6 25. Rd3 Rce8 26. Qb6 Re7 27. Rf3
Qe5 28. Re3 Qf6 29. Bg2 Qd4 30. a5 Ne5 31. Bxb7 Ref7 32. Bf3 g5 33. Re4 Nxf3+
34. exf3 Qc3 35. Rxe6 Rxf3 36. Rxd6 Qc2 37. Qxc5 Rxf2 38. Rxf2 Qb1+ 39. Kg2
Qe4+ 40. Kh3 g4+ 41. Kh4 1-0

[Event "Burlington Staunton Int"]
[Site "London, Chiswick House"]
[Date "1994.??.??"]
[Round "?"]
[White "Whiteley, Andrew Jonathan"]
[Black "O'Shaughnessy, Conor"]
[Result "1-0"]
[WhiteElo "2305"]
[BlackElo "2295"]
[PlyCount "73"]
[EventDate "1994.10.??"]
[EventType "tourn"]
[EventRounds "15"]
[EventCountry "ENG"]
[SourceTitle "BritBase"]
[Source "John Saunders"]
[SourceDate "2023.06.01"]
[SourceVersion "1"]
[SourceVersionDate "2023.06.01"]
[SourceQuality "1"]

1. d4 Nf6 2. c4 e6 3. Nc3 c5 4. d5 exd5 5. cxd5 d6 6. Nf3 g6 7. Nd2 Bg7 8. Nc4
O-O 9. Bg5 h6 10. Bh4 Qe7 11. e3 Nbd7 12. Be2 b6 13. O-O Ba6 14. a4 Bxc4 15.
Bxc4 Ne5 16. Ba6 g5 17. Bg3 Nfd7 18. e4 Ng6 19. Bb7 Rab8 20. Bc6 Nde5 21. Bb5
Nf4 22. f3 Neg6 23. Qd2 Be5 24. Nd1 Nh4 25. Ne3 Bd4 26. Bxh4 gxh4 27. Kh1 Qf6
28. Ng4 Qg5 29. g3 hxg3 30. hxg3 Nh3 31. Nxh6+ Kh7 32. Qxg5 Nxg5 33. Nf5 Bxb2
34. Ra2 Bf6 35. Rh2+ Kg8 36. Rh6 Bc3 37. Kg2 1-0